| 000 | 01802cam a2200409 a 4500 | ||
|---|---|---|---|
| 001 | 14631936 | ||
| 003 | OSt | ||
| 005 | 20140310184357.0 | ||
| 008 | 061113s2006 nyua j 000 0 eng | ||
| 010 | _a 2006286015 | ||
| 020 | _a9780590438292 | ||
| 040 |
_aDLC _cDLC _dDLC |
||
| 043 |
_an-us-ny _an-us--- |
||
| 050 | 0 | 0 |
_aJV 6484 _b.L49 2006 |
| 100 | 1 |
_aLevine, Ellen. _923148 |
|
| 245 | 1 | 0 |
_aIf your name was changed at Ellis Island / _cby Ellen Levine ; illustrated by Wayne Parmenter. |
| 246 | 3 | 0 | _aName was changed at Ellis Island |
| 250 | _aNew and updated! | ||
| 260 |
_aNew York : _bScholastic Nonfiction, _c2006 |
||
| 300 |
_a80 p. : _bcol. ill. ; _c19 x 23 cm. |
||
| 520 | _aDescribes, in question and answer format, the great migration of immigrants to New York's Ellis Island, from the 1880s to 1914. Features quotes from children and adults who passed through the station. | ||
| 521 | _aG6 | ||
| 526 | _c880 | ||
| 562 | _e1 | ||
| 610 | 2 | 0 |
_aEllis Island Immigration Station (N.Y. and N.J.) _xHistory _xJuvenile literature. _925613 |
| 610 | 2 | 1 |
_aEllis Island Immigration Station (N.Y. and N.J.) _xHistory. _925614 |
| 651 | 0 |
_aUnited States _xEmigration and immigration _xHistory _xJuvenile literature. _925615 |
|
| 651 | 1 |
_aUnited States _xEmigration and immigration _xHistory. _925616 |
|
| 700 | 1 |
_aParmenter, Wayne, _eill. _925617 |
|
| 856 | 4 | 1 |
_3Table of contents only _uhttp://www.loc.gov/catdir/toc/fy0711/2006286015.html |
| 856 | 4 | 2 |
_3Publisher description _uhttp://www.loc.gov/catdir/enhancements/fy1116/2006286015-d.html |
| 906 |
_a7 _bcbc _corigcop _d2 _eepcn _f20 _gy-gencatlg |
||
| 942 |
_2lcc _cBK-SCHOLAS |
||
| 999 |
_c34018 _d34018 |
||